000 03356nam a22012494i 4500
003 PE-LiUPU
005 20250813185422.0
008 180711s2017 sp a rb 000 0 spa d
020 _a9788436837582
035 _a(Sirsi) a249220
040 _aPE-LiUPU
_bspa
_cPE-LiUPU
_erda
049 _aPRUA
082 0 4 _a306.874
_bG17
_220
100 1 _aGámez-Gaudiz, Manuel,
_eautor.
245 1 0 _aEscuela de padres 3.0 :
_bguía para educar a los niños en el uso positivo de internet y los smartphones /
_cManuel Gámez-Gaudiz ; colaboradoras Patricia de Santisteban Pérez, Erika Borrajo Mena.
264 1 _aMadrid :
_bPirámide,
_c2017.
300 _a138 páginas :
_bilustraciones ;
_c23 centímetros.
336 _atext
_2rdacontent
337 _aunmediated
_2rdamedia
338 _avolume
_2rdacarrier
490 0 _aGuías para padres y madres
504 _aBibliografía : páginas 135-138.
505 0 _aIntroducción: internet en positivo -- Ser padres tecnológicos -- Educar en positivo -- Adicción a internet, smartphones y videojuegos -- El ciberbullying y ciberacoso -- El sexting -- Acoso en el noviazgo a través de internet y los smartphones -- El grooming o acoso sexual online de menores.
526 _aP202
526 _aP201
526 _aP163
526 _aP162
526 _aP161
526 _aP160
526 _aP148
526 _aP147
526 _aP146
526 _aP145
526 _aP144
526 _aP143
526 _aP142
526 _aP141
526 _aP140
526 _aP139
526 _aP138
526 _aP137
526 _aP136
526 _aP135
526 _aP134
526 _aP133
526 _aP129
526 _aP128
526 _aP127
526 _aP120
526 _aP119
526 _aP118
526 _aP116
526 _aP115
526 _aP114
526 _aP110
526 _aP109
526 _aP108
526 _aP104
526 _aP103
526 _aP102
526 _aP99
526 _aP98
526 _aP97
526 _aP96
526 _aP95
526 _aP93
526 _aP90
526 _aP89
526 _aP88
526 _aP83
526 _aP82
526 _aP62
526 _aP59
526 _aP58
526 _aP57
526 _aP51
526 _aP49
526 _aP48
526 _aP47
526 _aP29
526 _aP24
526 _aP20
526 _aP19
526 _aP17
526 _aP15
526 _aP14
526 _aP12
526 _aP10
526 _aP09
526 _aP08
526 _aP07
526 _aP06
526 _aP05
526 _aP04
526 _aP01
541 _g0001-003607;
650 0 4 _aEscuelas para padres.
650 0 4 _aEducación para la vida familiar.
650 0 4 _aEducación de niños.
_91818
700 1 _aSantisteban Pérez, Patricia de,
_ecolaboradora.
700 1 _aBorrajo Mena, Erika,
_ecolaboradora.
910 _adbm
_bjpc
_cjpc
_d20180711
942 _2ddc
_cBOOK
994 _aC0
_bPEPRU
596 _a1
999 _a306.874 G17
_wDEWEY
_c28804
_i79029
_f2021-11-8
_g4
_lCCODEBUL1
_mBUL
_p30.00
_r0
_sY
_tBOOK
_u2018-7-11
_xEDUCACION
_zALL
_0COMPRA
_1FCOMPRA
_o.STAFF. Colección Ciencias Humanas y Educación
_d28804
980 _81
_gALBERTO SANCHEZ Responsable de Automatización